NPB 日本プロ野球 シーズン190安打達成者 - Statistics

General Stats
  • This quiz has been taken 306 times
  • The average score is 12 of 18
Answer Stats
氏名 % Correct
1994, 1996 イチロー
95%
2015, 2018 秋山翔吾
94%
2005, 2006, 2007, 2010 青木宣親
88%
2010 マット・マートン
85%
2014 山田哲人
81%
2010 西岡剛
74%
1999 ロバート・ローズ
70%
2015 川端慎吾
67%
2007 アレックス・ラミレス
64%
2001 小笠原道大
60%
2002 松井稼頭央
60%
2013 長谷川勇也
59%
2005 赤星憲広
58%
2010 田中賢介
56%
2010 川﨑宗則
55%
1950 藤村富美男
47%
2002 清水隆行
45%
2005 金城龍彦
43%
No matching quizzes found
Score Distribution
Percent of People with Each Score
Percentile by Number Answered
Your Score History
You have not taken this quiz